| 000 | 005370000a22001930004500 | ||
|---|---|---|---|
| 003 | LK-CoMWRAF | ||
| 005 | 20240212103800.0 | ||
| 008 | 230817t1985 ||||| |||| 00| 0 eng d | ||
| 040 |
_aLK-CoMWRAF _dLK-CoMWRAF _eLK-CoMWRAF |
||
| 041 | _aeng | ||
| 082 |
_a305.8 _bMOH |
||
| 100 | _aMohan, Vasundhara | ||
| 245 | _aMuslims in Sri Lanka | ||
| 260 |
_aJaipur: _bAalekh Publishers, _c1985 |
||
| 300 |
_aiv, 108 p. ; 22 cm. _bIndex included |
||
| 650 | _aMuslims -- Sri Lanka | ||
| 650 | _aSocial life and customs- Sri Lanka | ||
| 942 | _cBK | ||
| 999 |
_c2608 _d2608 |
||